在空白地图上画出广东所有县级行政区Counties in Guangdong with an empty map - Statistics

General Stats
  • This quiz has been taken 156 times
  • The average score is 83 of 124
Answers on the Map
Answers color-coded by a green-red scale on the quiz's map according to % correct below.
 
Answer Stats
地级 县级 % Correct
广州市 白云区
94%
广州市 黄埔区
91%
广州市 番禺区
91%
深圳市 宝安区
89%
广州市 花都区
87%
广州市 南沙区
87%
佛山市 南海区
87%
佛山市 顺德区
87%
湛江市 雷州市
87%
直筒子市 中山市
87%
广州市 天河区
85%
广州市 荔湾区
83%
广州市 海珠区
83%
深圳市 南山区
83%
深圳市 龙岗区
83%
深圳市 龙华区
83%
湛江市 徐闻县
83%
惠州市 惠阳区
83%
直筒子市 东莞市
83%
广州市 从化区
81%
肇庆市 四会市
81%
广州市 增城区
79%
汕头市 潮阳区
79%
惠州市 惠城区
79%
惠州市 惠东县
79%
揭阳市 普宁市
79%
广州市 越秀区
77%
深圳市 罗湖区
77%
佛山市 禅城区
77%
茂名市 高州市
77%
茂名市 化州市
77%
汕尾市 海丰县
77%
汕尾市 陆丰市
77%
揭阳市 惠来县
77%
云浮市 罗定市
77%
深圳市 福田区
74%
深圳市 光明区
74%
珠海市 香洲区
74%
汕头市 潮南区
74%
佛山市 三水区
74%
清远市 英德市
74%
揭阳市 揭西县
74%
珠海市 斗门区
72%
江门市 新会区
72%
江门市 开平市
72%
惠州市 博罗县
72%
梅州市 梅县区
72%
深圳市 坪山区
70%
珠海市 金湾区
70%
湛江市 廉江市
70%
茂名市 电白区
70%
阳江市 阳西县
70%
清远市 清城区
70%
清远市 连州市
70%
云浮市 云城区
70%
深圳市 盐田区
68%
佛山市 高明区
68%
湛江市 吴川市
68%
阳江市 阳春市
68%
韶关市 武江区
66%
江门市 台山市
66%
江门市 鹤山市
66%
江门市 恩平市
66%
肇庆市 高要区
66%
惠州市 龙门县
66%
河源市 源城区
66%
河源市 和平县
66%
阳江市 阳东区
66%
揭阳市 揭东区
66%
韶关市 浈江区
64%
韶关市 乐昌市
64%
韶关市 南雄市
64%
汕头市 南澳县
64%
肇庆市 鼎湖区
64%
汕尾市 城区
64%
清远市 清新区
64%
汕头市 澄海区
62%
江门市 江海区
62%
茂名市 茂南区
62%
肇庆市 端州区
62%
梅州市 五华县
62%
潮州市 潮安区
62%
潮州市 饶平县
62%
揭阳市 榕城区
62%
韶关市 乳源瑶族自治县
60%
梅州市 梅江区
60%
梅州市 大埔县
60%
梅州市 蕉岭县
60%
汕尾市 陆河县
60%
河源市 龙川县
60%
阳江市 江城区
60%
清远市 佛冈县
60%
韶关市 曲江区
57%
汕头市 金平区
57%
汕头市 濠江区
57%
江门市 蓬江区
57%
湛江市 霞山区
57%
湛江市 坡头区
57%
茂名市 信宜市
57%
肇庆市 怀集县
57%
清远市 连南瑶族自治县
57%
潮州市 湘桥区
57%
云浮市 云安区
57%
湛江市 赤坎区
55%
河源市 紫金县
55%
清远市 连山壮族瑶族自治县
55%
韶关市 翁源县
53%
湛江市 遂溪县
53%
韶关市 始兴县
51%
湛江市 麻章区
51%
河源市 东源县
51%
清远市 阳山县
51%
韶关市 仁化县
49%
汕头市 龙湖区
49%
梅州市 丰顺县
49%
梅州市 兴宁市
49%
河源市 连平县
49%
云浮市 郁南县
49%
肇庆市 封开县
45%
肇庆市 德庆县
45%
云浮市 新兴县
45%
肇庆市 广宁县
40%
韶关市 新丰县
38%
梅州市 平远县
36%
No matching quizzes found
Score Distribution
Percent of People with Each Score
Percentile by Number Answered
Your Score History
You have not taken this quiz